[Event "GER-ch U25-A"]
[Site "Willingen"]
[Date "2019.06.09"]
[Round "2"]
[White "Hofmann, Lorenz"]
[Black "Uhlendorff, Luca"]
[Result "1/2-1/2"]
[WhiteElo "2002"]
[BlackElo "1735"]
[PlyCount "97"]
[EventDate "2019.06.08"]
[EventType "swiss"]
[EventRounds "9"]
[EventCountry "GER"]
[SourceTitle "CBM 191 Extra"]
[Source "ChessBase"]
[SourceDate "2019.09.30"]
[SourceVersion "1"]
[SourceVersionDate "2019.09.30"]
[SourceQuality "1"]

1. e4 d5 2. exd5 Qxd5 3. Nc3 Qd8 4. d4 Nf6 5. Nf3 Bg4 6. Be2 e6 7. 0-0 c6 8. Ne5 Bxe2 9. Nxe2 Nbd7 10. Bf4 Nxe5 11. dxe5 Qxd1 12. Raxd1 Nd5 13. Bg3 b5 14. Rc1 Rb8 15. Nd4 c5 16. Nf3 Be7 17. Nd2 Nb6 18. Ne4 0-0 19. Rfd1 Rfd8 20. Kf1 Kf8 21. Ke2 Ke8 22. f3 Rxd1 23. Rxd1 Rd8 24. Rxd8+ Kxd8 25. Bf2 Nd7 26. f4 Kc7 27. Kd3 Kc6 28. c4 b4 29. Nd2 a5 30. g4 g6 31. Ke4 Nb6 32. b3 Nd7 33. f5 Nf8 34. Nf3 gxf5+ 35. gxf5 exf5+ 36. Kxf5 Ne6 37. Be3 Ng7+ 38. Ke4 f5+ 39. Kf4 Kd7 40. Ne1 Kc6 41. Bf2 h6 42. h4 Kd7 43. Nd3 Kc6 44. Bg3 Nh5+ 45. Kf3 Nxg3 46. Kxg3 Kd7 47. Nf4 Bd8 48. Nd3 Be7 49. Nf4 1/2-1/2